000 00484nam a2200145 a 4500
008 080109s1972 ||||||||||||||||| || u
050 _aHD 38 Cri
100 _aCribbin, James L
245 1 0 _aEffective Managerial leadership
260 _a[New York]
_bAMACOM
_c[1972]
300 _avii, 264p.
350 _a0.00
650 0 _aMANAGEMENT
995 _D0.00
_FCBU-MAIN LIBRARY (Kitwe)
_H1
_I0.00
_M1
_UDAMAGED
_ZMain Library Open Access Collection
999 _c41280
_d41280